000 01052cam a2200289 a 4500
001 4051480
003 ARRUPE
005 20160927113206.0
008 990420s1999 sw b 001 0 eng
010 _a 99198390
020 _a9185424528
040 _aDLC
_cDLC
_dDLC
043 _af-rh---
050 0 0 _aBR1447.2.H93
_bH35 1999
082 0 0 _a322/.1/096891
_221
100 1 _aHallencreutz, Carl F.
_926262
245 1 0 _aReligion and politics in Harare, 1890-1980 /
_cCarl Fredrik Hallencreutz.
260 _aUppsala :
_bSwedish Institute of Missionary Research,
_c1999.
300 _a502 p. ;
_c24 cm.
440 0 _aStudia missionalia Upsaliensia,
_x0585-5373 ;
_v73
_926263
504 _aIncludes bibliographical references (p. 463-479) and index.
650 0 _aReligion and politics
_zZimbabwe
_zHarare.
_926264
651 0 _aHarare (Zimbabwe)
_xChurch history.
_926265
906 _a7
_bcbc
_corignew
_d3
_encip
_f19
_gy-gencatlg
942 _2lcc
_cMONOGRAPH
999 _c125372
_d125372